[Event "398 Stay Safe Play From Home series"]
[Site "Emanuel Lasker Arena"]
[Date "2020.08.20"]
[Round "3"]
[White "Mepe_Nika"]
[Black "IceQueen"]
[Result "0-1"]
[WhiteElo "2371"]
[BlackElo "2428"]
[PlyCount "52"]
[EventDate "2020.08.20"]
[EventType "swiss (blitz)"]

1. d4 {[%emt 0:00:01]} Nf6 {[%emt 0:00:01]} 2. Nf3 {[%emt 0:00:02]} g6 {[%emt 0:00:00]} 3. Bg5 {[%emt 0:00:01]} Bg7 {[%emt 0:00:00]} 4. Nbd2 {[%emt 0:00:00]} h6 {[%emt 0:00:01]} 5. Bh4 {[%emt 0:00:01]} d5 {[%emt 0:00:01]} 6. c3 {[%emt 0:00:02]} Ne4 {[%emt 0:00:01]} 7. Qc2 {[%emt 0:00:02]} Bf5 {[%emt 0:00:01]} 8. Nxe4 {[%emt 0:00:00]} Bxe4 {[%emt 0:00:01]} 9. Qd2 {[%emt 0:00:01]} O-O {[%emt 0:00:02]} 10. e3 {[%emt 0:00:01]} c5 {[%emt 0:00:01]} 11. Be2 {[%emt 0:00:01]} Nc6 {[%emt 0:00:01]} 12. O-O {[%emt 0:00:00]} c4 {[%emt 0:00:00]} 13. b3 {[%emt 0:00:01]} b5 {[%emt 0:00:01]} 14. a4 {[%emt 0:00:01]} a6 {[%emt 0:00:01]} 15. b4 {[%emt 0:00:01]} Qd7 {[%emt 0:00:03]} 16. axb5 {[%emt 0:00:02]} axb5 {[%emt 0:00:00]} 17. Bg3 {[%emt 0:00:01]} g5 {[%emt 0:00:03]} 18. Ne5 {[%emt 0:00:02]} Nxe5 {[%emt 0:00:01]} 19. Bxe5 {[%emt 0:00:00]} f6 {[%emt 0:00:00]} 20. Bg3 {[%emt 0:00:01]} Qe6 {[%emt 0:00:01]} 21. Qb2 {[%emt 0:00:02]} f5 {[%emt 0:00:01]} 22. f3 {[%emt 0:00:04]} Bd3 {[%emt 0:00:01]} 23. Bf2 {[%emt 0:00:01]} f4 {[%emt 0:00:02]} 24. Bxd3 {[%emt 0:00:02]} fxe3 {[%emt 0:00:01]} 25. Qe2 {[%emt 0:00:06]} exf2+ {[%emt 0:00:01]} 26. Rxf2 {[%emt 0:00:01]} Rxa1+ {[%emt 0:00:03] Mepe_Nika resigns Mepe_Nika resigns Mepe_Nika resigns (Lag: Av=0.46s, max=1.1s) (Lag: Av=0.46s, max=1.1s) (Lag: Av=0.46s, max=1.1s)} 0-1

[Event "398 Stay Safe Play From Home series"]
[Site "Emanuel Lasker Arena"]
[Date "2020.08.20"]
[Round "3"]
[White "Hickey"]
[Black "Klasman"]
[Result "1-0"]
[WhiteElo "2193"]
[BlackElo "1406"]
[Annotator "NA"]
[PlyCount "55"]
[EventDate "2020.08.20"]
[EventType "swiss (blitz)"]

1. Nf3 {[%emt 0:00:02]} f5 {[%emt 0:00:02]} 2. d3 {[%emt 0:00:02]} Nc6 {[%emt 0:00:02]} 3. e4 {[%emt 0:00:01]} e5 {[%emt 0:00:02]} 4. exf5 {[%emt 0:00:03]} d5 {[%emt 0:00:01]} 5. Nc3 {[%emt 0:00:03]} Bxf5 {[%emt 0:00:03]} 6. Be2 {[%emt 0:00:01]} Nf6 {[%emt 0:00:01]} 7. Bg5 {[%emt 0:00:03]} d4 {[%emt 0:00:04]} 8. Ne4 {[%emt 0:00:04]} Bxe4 {[%emt 0:00:02]} 9. dxe4 {[%emt 0:00:00]} Bb4+ {[%emt 0:00:03]} 10. Nd2 {[%emt 0:00:01]} O-O {[%emt 0:00:05]} 11. O-O {[%emt 0:00:01]} Bxd2 {[%emt 0:00:02]} 12. Bxd2 {[%emt 0:00:02]} Nxe4 {[%emt 0:00:02]} 13. Bf3 {[%emt 0:00:00]} Rxf3 {[%emt 0:00:05]} 14. gxf3 {[%emt 0:00:02]} Nxd2 {[%emt 0:00:01]} 15. Qxd2 {[%emt 0:00:00]} Qh4 {[%emt 0:00:03]} 16. Rfe1 {[%emt 0:00:03]} Rf8 {[%emt 0:00:02]} 17. Kg2 {[%emt 0:00:01]} Qh5 {[%emt 0:00:03]} 18. Qd3 {[%emt 0:00:04]} Rf6 {[%emt 0:00:03]} 19. Re4 {[%emt 0:00:02]} Rh6 {[%emt 0:00:02]} 20. h4 {[%emt 0:00:04]} Rg6+ {[%emt 0:00:02]} 21. Kh3 {[%emt 0:00:01]} Qf5+ {[%emt 0:00:02]} 22. Rg4 {[%emt 0:00:02]} e4 {[%emt 0:00:02]} 23. Qxe4 {[%emt 0:00:02]} Qxe4 {[%emt 0:00:03]} 24. fxe4 {[%emt 0:00:00]} Ne5 {[%emt 0:00:02]} 25. Rxg6 {[%emt 0:00:01]} Nxg6 {[%emt 0:00:01]} 26. Kg3 {[%emt 0:00:01]} h5 {[%emt 0:00:01]} 27. f4 {[%emt 0:00:00]} Ne7 {[%emt 0:00:01]} 28. f5 {[%emt 0:00:01] Time Time Time (Lag: Av=0.61s, max=0.8s) (Lag: Av=0.61s, max=0.8s) (Lag: Av=0.61s, max=0.8s)} 1-0

[Event "398 Stay Safe Play From Home series"]
[Site "Emanuel Lasker Arena"]
[Date "2020.08.20"]
[Round "3"]
[White "Stefansmtk"]
[Black "Jhhonnyy"]
[Result "0-1"]
[WhiteElo "1972"]
[BlackElo "2305"]
[PlyCount "66"]
[EventDate "2020.08.20"]
[EventType "swiss (blitz)"]

1. d4 {[%emt 0:00:01]} Nf6 {[%emt 0:00:01]} 2. c4 {[%emt 0:00:00]} g6 {[%emt 0:00:00]} 3. Nc3 {[%emt 0:00:01]} d5 {[%emt 0:00:00]} 4. Nf3 {[%emt 0:00:02]} Bg7 {[%emt 0:00:01]} 5. e3 {[%emt 0:00:00]} O-O {[%emt 0:00:01]} 6. b4 {[%emt 0:00:00]} c6 {[%emt 0:00:01]} 7. c5 {[%emt 0:00:01]} a5 {[%emt 0:00:00]} 8. b5 {[%emt 0:00:01]} b6 {[%emt 0:00:01]} 9. cxb6 {[%emt 0:00:02]} Qxb6 {[%emt 0:00:02]} 10. a4 {[%emt 0:00:00]} Nbd7 {[%emt 0:00:03]} 11. Ba3 {[%emt 0:00:03]} Re8 {[%emt 0:00:01]} 12. Be2 {[%emt 0:00:03]} e5 {[%emt 0:00:01]} 13. O-O {[%emt 0:00:05]} exd4 {[%emt 0:00:02]} 14. Nxd4 {[%emt 0:00:01]} c5 {[%emt 0:00:02]} 15. Nc6 {[%emt 0:00:01]} Bb7 {[%emt 0:00:01]} 16. Nxd5 {[%emt 0:00:02]} Bxc6 {[%emt 0:00:01]} 17. Nxf6+ {[%emt 0:00:04]} Nxf6 {[%emt 0:00:01]} 18. bxc6 {[%emt 0:00:01]} Red8 {[%emt 0:00:01]} 19. Qc2 {[%emt 0:00:04]} Nd5 {[%emt 0:00:02]} 20. Rab1 {[%emt 0:00:02]} Nb4 {[%emt 0:00:02]} 21. Qc1 {[%emt 0:00:09]} Qxc6 {[%emt 0:00:01]} 22. Bb5 {[%emt 0:00:01]} Qb6 {[%emt 0:00:03]} 23. Bxb4 {[%emt 0:00:01]} axb4 {[%emt 0:00:01]} 24. Qc4 {[%emt 0:00:02]} Rdc8 {[%emt 0:00:01]} 25. h4 {[%emt 0:00:01]} Qf6 {[%emt 0:00:02]} 26. h5 {[%emt 0:00:01]} gxh5 {[%emt 0:00:01]} 27. Rbd1 {[%emt 0:00:04]} Qe7 {[%emt 0:00:04]} 28. Rd7 {[%emt 0:00:02]} Qf6 {[%emt 0:00:02]} 29. Rfd1 {[%emt 0:00:02]} Rd8 {[%emt 0:00:01]} 30. Rxd8+ {[%emt 0:00:01]} Rxd8 {[%emt 0:00:00]} 31. Rxd8+ {[%emt 0:00:01]} Qxd8 {[%emt 0:00:00]} 32. Qxc5 {[%emt 0:00:00]} Bc3 {[%emt 0:00:01]} 33. Qc4 {[%emt 0:00:01]} Qd1+ {[%emt 0:00:01] (Lag: Av=0.34s, max=0.5s) (Lag: Av=0.34s, max=0.5s) (Lag: Av=0.34s, max=0.5s) Zeit Zeit Zeit . . .} 0-1

[Event "398 Stay Safe Play From Home series"]
[Site "Emanuel Lasker Arena"]
[Date "2020.08.20"]
[Round "3"]
[White "Yuriko"]
[Black "MihailoVujic"]
[Result "0-1"]
[WhiteElo "1967"]
[BlackElo "2190"]
[Annotator "NA"]
[PlyCount "92"]
[EventDate "2020.08.20"]
[EventType "swiss (blitz)"]

1. d4 {[%emt 0:00:01]} e5 {[%emt 0:00:01]} 2. c4 {[%emt 0:00:00]} exd4 {[%emt 0:00:01]} 3. Qxd4 {[%emt 0:00:00]} Nc6 {[%emt 0:00:01]} 4. Qd1 {[%emt 0:00:00]} Bc5 {[%emt 0:00:01]} 5. Nc3 {[%emt 0:00:00]} Nf6 {[%emt 0:00:00]} 6. e3 {[%emt 0:00:00]} d6 {[%emt 0:00:01]} 7. Nf3 {[%emt 0:00:00]} O-O {[%emt 0:00:01]} 8. Be2 {[%emt 0:00:00]} Re8 {[%emt 0:00:02]} 9. O-O {[%emt 0:00:00]} Bg4 {[%emt 0:00:01]} 10. h3 {[%emt 0:00:00]} Bxf3 {[%emt 0:00:01]} 11. Bxf3 {[%emt 0:00:00]} Ne5 {[%emt 0:00:00]} 12. Be2 {[%emt 0:00:01]} Qd7 {[%emt 0:00:01]} 13. Nd5 {[%emt 0:00:01]} Nxd5 {[%emt 0:00:01]} 14. cxd5 {[%emt 0:00:00]} Qf5 {[%emt 0:00:03]} 15. Bd2 {[%emt 0:00:04]} Qg6 {[%emt 0:00:02]} 16. Bc3 {[%emt 0:00:01]} Re7 {[%emt 0:00:02]} 17. Bh5 {[%emt 0:00:01]} Qh6 {[%emt 0:00:01]} 18. Be2 {[%emt 0:00:00]} Rae8 {[%emt 0:00:01]} 19. b4 {[%emt 0:00:00]} Bb6 {[%emt 0:00:01]} 20. a4 {[%emt 0:00:01]} a6 {[%emt 0:00:01]} 21. Bd2 {[%emt 0:00:05]} Ng6 {[%emt 0:00:01]} 22. Bf3 {[%emt 0:00:04]} Nh4 {[%emt 0:00:01]} 23. Qe2 {[%emt 0:00:02]} Qg6 {[%emt 0:00:01]} 24. Kh2 {[%emt 0:00:02]} Re5 {[%emt 0:00:01]} 25. g3 {[%emt 0:00:01]} Nxf3+ {[%emt 0:00:01]} 26. Qxf3 {[%emt 0:00:00]} Rf5 {[%emt 0:00:00]} 27. Qg2 {[%emt 0:00:01]} Rh5 {[%emt 0:00:02]} 28. a5 {[%emt 0:00:03]} Ba7 {[%emt 0:00:02]} 29. Rae1 {[%emt 0:00:00]} Re4 {[%emt 0:00:01]} 30. f3 {[%emt 0:00:01]} Rc4 {[%emt 0:00:01]} 31. Re2 {[%emt 0:00:01]} Rc2 {[%emt 0:00:02]} 32. e4 {[%emt 0:00:01]} h6 {[%emt 0:00:02]} 33. Rfe1 {[%emt 0:00:00]} Qf6 {[%emt 0:00:04]} 34. g4 {[%emt 0:00:01]} Re5 {[%emt 0:00:03]} 35. Qg3 {[%emt 0:00:04]} Re8 {[%emt 0:00:01]} 36. Be3 {[%emt 0:00:02]} Rxe2+ {[%emt 0:00:01]} 37. Rxe2 {[%emt 0:00:01]} Bxe3 {[%emt 0:00:00]} 38. Rxe3 {[%emt 0:00:00]} Qb2+ {[%emt 0:00:00]} 39. Qg2 {[%emt 0:00:06]} Qxb4 {[%emt 0:00:00]} 40. Kg3 {[%emt 0:00:01]} Qxa5 {[%emt 0:00:00]} 41. Qb2 {[%emt 0:00:02]} Qc5 {[%emt 0:00:00]} 42. Rc3 {[%emt 0:00:01]} Qg1+ {[%emt 0:00:01]} 43. Kf4 {[%emt 0:00:01]} Qe1 {[%emt 0:00:02]} 44. Rxc7 {[%emt 0:00:04]} g5+ {[%emt 0:00:00]} 45. Kf5 {[%emt 0:00:01]} Qg3 {[%emt 0:00:00]} 46. Qd2 {[%emt 0:00:02]} Qe5# {[%emt 0:00:01] (Lag: Av=0.71s, max=1.3s) (Lag: Av=0.71s, max=1.3s) (Lag: Av=0.71s, max=1.3s)} 0-1

[Event "398 Stay Safe Play From Home series"]
[Site "Emanuel Lasker Arena"]
[Date "2020.08.20"]
[Round "3"]
[White "Buzaglo"]
[Black "AlexK"]
[Result "0-1"]
[WhiteElo "1908"]
[BlackElo "2044"]
[Annotator "NA"]
[PlyCount "120"]
[EventDate "2020.08.20"]
[EventType "swiss (blitz)"]

1. d4 {[%emt 0:00:01]} d5 {[%emt 0:00:01]} 2. Nf3 {[%emt 0:00:04]} Nf6 {[%emt 0:00:00]} 3. g4 {[%emt 0:00:01]} g6 {[%emt 0:00:00]} 4. g5 {[%emt 0:00:01]} Ne4 {[%emt 0:00:01]} 5. h4 {[%emt 0:00:01]} h6 {[%emt 0:00:01]} 6. Nbd2 {[%emt 0:00:05]} h5 {[%emt 0:00:01]} 7. Nxe4 {[%emt 0:00:02]} dxe4 {[%emt 0:00:00]} 8. Nd2 {[%emt 0:00:00]} Qxd4 {[%emt 0:00:01]} 9. Bg2 {[%emt 0:00:03]} Bf5 {[%emt 0:00:02]} 10. c3 {[%emt 0:00:02]} Qe5 {[%emt 0:00:01]} 11. e3 {[%emt 0:00:02]} Nc6 {[%emt 0:00:01]} 12. Nc4 {[%emt 0:00:01]} Qc5 {[%emt 0:00:01]} 13. b3 {[%emt 0:00:05]} Rd8 {[%emt 0:00:01]} 14. Qc2 {[%emt 0:00:01]} Bg7 {[%emt 0:00:01]} 15. Bb2 {[%emt 0:00:02]} b5 {[%emt 0:00:01]} 16. Nd2 {[%emt 0:00:02]} Nb4 {[%emt 0:00:03]} 17. Qb1 {[%emt 0:00:04]} Nd3+ {[%emt 0:00:01]} 18. Kf1 {[%emt 0:00:01]} Nxb2 {[%emt 0:00:01]} 19. Qxb2 {[%emt 0:00:00]} Qxc3 {[%emt 0:00:01]} 20. Qxc3 {[%emt 0:00:03]} Bxc3 {[%emt 0:00:01]} 21. Nxe4 {[%emt 0:00:09]} Bxa1 {[%emt 0:00:02]} 22. Ng3 {[%emt 0:00:03]} Rd1+ {[%emt 0:00:02]} 23. Ke2 {[%emt 0:00:02]} Rxh1 {[%emt 0:00:01]} 24. Nxh1 {[%emt 0:00:00]} O-O {[%emt 0:00:02]} 25. Bc6 {[%emt 0:00:00]} b4 {[%emt 0:00:02]} 26. Bb5 {[%emt 0:00:00]} Rd8 {[%emt 0:00:01]} 27. Ng3 {[%emt 0:00:00]} Bc3 {[%emt 0:00:01]} 28. Kf3 {[%emt 0:00:00]} Be6 {[%emt 0:00:01]} 29. Kg2 {[%emt 0:00:00]} Bd5+ {[%emt 0:00:02]} 30. f3 {[%emt 0:00:00]} c6 {[%emt 0:00:01]} 31. e4 {[%emt 0:00:00]} cxb5 {[%emt 0:00:01]} 32. exd5 {[%emt 0:00:00]} Rxd5 {[%emt 0:00:00]} 33. Ne4 {[%emt 0:00:01]} Rd4 {[%emt 0:00:01]} 34. Kg3 {[%emt 0:00:00]} Rxe4 {[%emt 0:00:01]} 35. fxe4 {[%emt 0:00:00]} Kf8 {[%emt 0:00:01]} 36. Kf4 {[%emt 0:00:00]} Ke8 {[%emt 0:00:00]} 37. e5 {[%emt 0:00:01]} Kd7 {[%emt 0:00:00]} 38. Ke4 {[%emt 0:00:00]} Ke6 {[%emt 0:00:00]} 39. Kd3 {[%emt 0:00:00]} Bxe5 {[%emt 0:00:01]} 40. Ke2 {[%emt 0:00:00]} f6 {[%emt 0:00:01]} 41. Kd2 {[%emt 0:00:00]} fxg5 {[%emt 0:00:01]} 42. hxg5 {[%emt 0:00:00]} Bf4+ {[%emt 0:00:00]} 43. Ke2 {[%emt 0:00:01]} Bxg5 {[%emt 0:00:00]} 44. Kf3 {[%emt 0:00:00]} Bf6 {[%emt 0:00:00]} 45. Ke4 {[%emt 0:00:00]} g5 {[%emt 0:00:00]} 46. Kf3 {[%emt 0:00:01]} Kf5 {[%emt 0:00:01]} 47. Kg2 {[%emt 0:00:00]} e5 {[%emt 0:00:01]} 48. Kh3 {[%emt 0:00:00]} e4 {[%emt 0:00:00]} 49. Kg2 {[%emt 0:00:00]} Be5 {[%emt 0:00:01]} 50. Kf1 {[%emt 0:00:00]} Bd4 {[%emt 0:00:01]} 51. Ke2 {[%emt 0:00:00]} Kf4 {[%emt 0:00:00]} 52. Kf1 {[%emt 0:00:00]} h4 {[%emt 0:00:00]} 53. Ke2 {[%emt 0:00:00]} g4 {[%emt 0:00:00]} 54. a4 {[%emt 0:00:00]} h3 {[%emt 0:00:00]} 55. Kf1 {[%emt 0:00:00]} h2 {[%emt 0:00:01]} 56. Kg2 {[%emt 0:00:01]} bxa4 {[%emt 0:00:01]} 57. Kh1 {[%emt 0:00:00]} a3 {[%emt 0:00:02]} 58. Kg2 {[%emt 0:00:00]} a2 {[%emt 0:00:00]} 59. Kh1 {[%emt 0:00:00]} a1=Q+ {[%emt 0:00:00]} 60. Kg2 {[%emt 0:00:00]} Qg1# {[%emt 0:00:01] Mate Mate Mate (Lag: Av=0.61s, max=1.3s) (Lag: Av=0.61s, max=1.3s) (Lag: Av=0.61s, max=1.3s)} 0-1

[Event "398 Stay Safe Play From Home series"]
[Site "Emanuel Lasker Arena"]
[Date "2020.08.20"]
[Round "4"]
[White "IceQueen"]
[Black "Kasparov Garry"]
[Result "0-1"]
[WhiteElo "2442"]
[BlackElo "2438"]
[PlyCount "66"]
[EventDate "2020.08.20"]
[EventType "swiss (blitz)"]

1. e4 {[%emt 0:00:01]} c5 {[%emt 0:00:01]} 2. Nc3 {[%emt 0:00:00]} e6 {[%emt 0:00:01]} 3. Nf3 {[%emt 0:00:00]} d6 {[%emt 0:00:00]} 4. d4 {[%emt 0:00:00]} cxd4 {[%emt 0:00:01]} 5. Nxd4 {[%emt 0:00:00]} Nf6 {[%emt 0:00:01]} 6. g3 {[%emt 0:00:00]} h6 {[%emt 0:00:01]} 7. Bg2 {[%emt 0:00:00]} e5 {[%emt 0:00:01]} 8. Nf5 {[%emt 0:00:01]} d5 {[%emt 0:00:01]} 9. O-O {[%emt 0:00:04]} d4 {[%emt 0:00:01]} 10. Ne2 {[%emt 0:00:02]} g6 {[%emt 0:00:01]} 11. Nh4 {[%emt 0:00:01]} Bc5 {[%emt 0:00:01]} 12. Kh1 {[%emt 0:00:01]} b6 {[%emt 0:00:01]} 13. f4 {[%emt 0:00:01]} Ng4 {[%emt 0:00:01]} 14. h3 {[%emt 0:00:02]} Ne3 {[%emt 0:00:01]} 15. Bxe3 {[%emt 0:00:01]} dxe3 {[%emt 0:00:01]} 16. Qe1 {[%emt 0:00:00]} O-O {[%emt 0:00:01]} 17. Rd1 {[%emt 0:00:01]} Qc7 {[%emt 0:00:01]} 18. Nc3 {[%emt 0:00:00]} Bb7 {[%emt 0:00:01]} 19. Nd5 {[%emt 0:00:01]} Bxd5 {[%emt 0:00:01]} 20. exd5 {[%emt 0:00:00]} exf4 {[%emt 0:00:01]} 21. Rxf4 {[%emt 0:00:02]} Bd6 {[%emt 0:00:01]} 22. Rf3 {[%emt 0:00:01]} Qxc2 {[%emt 0:00:01]} 23. Rxe3 {[%emt 0:00:03]} Nd7 {[%emt 0:00:01]} 24. Rc1 {[%emt 0:00:01]} Qxb2 {[%emt 0:00:01]} 25. Rc6 {[%emt 0:00:00]} Bb4 {[%emt 0:00:01]} 26. Qf1 {[%emt 0:00:03]} Qxa2 {[%emt 0:00:01]} 27. Qf4 {[%emt 0:00:07]} Bd2 {[%emt 0:00:01]} 28. Qxh6 {[%emt 0:00:02]} Ne5 {[%emt 0:00:01]} 29. Nxg6 {[%emt 0:00:05]} Qb1+ {[%emt 0:00:01]} 30. Kh2 {[%emt 0:00:04]} fxg6 {[%emt 0:00:01]} 31. Rc7 {[%emt 0:00:05]} Rf7 {[%emt 0:00:01]} 32. d6 {[%emt 0:00:04]} Bxe3 {[%emt 0:00:01]} 33. Qxe3 {[%emt 0:00:03]} Re8 {[%emt 0:00:01] Time Time Time (Lag: Av=0.34s, max=0.8s) (Lag: Av=0.34s, max=0.8s) (Lag: Av=0.34s, max=0.8s)} 0-1

[Event "398 Stay Safe Play From Home series"]
[Site "Emanuel Lasker Arena"]
[Date "2020.08.20"]
[Round "4"]
[White "Jhhonnyy"]
[Black "AChessPlayer"]
[Result "0-1"]
[WhiteElo "2309"]
[BlackElo "2392"]
[PlyCount "84"]
[EventDate "2020.08.20"]
[EventType "swiss (blitz)"]

1. d4 {[%emt 0:00:01]} Nf6 {[%emt 0:00:01]} 2. c4 {[%emt 0:00:00]} d6 {[%emt 0:00:00]} 3. Nf3 {[%emt 0:00:01]} Nbd7 {[%emt 0:00:00]} 4. Nc3 {[%emt 0:00:00]} c5 {[%emt 0:00:00]} 5. g3 {[%emt 0:00:00]} cxd4 {[%emt 0:00:01]} 6. Nxd4 {[%emt 0:00:00]} g6 {[%emt 0:00:00]} 7. Bg2 {[%emt 0:00:00]} Bg7 {[%emt 0:00:00]} 8. O-O {[%emt 0:00:00]} O-O {[%emt 0:00:00]} 9. h3 {[%emt 0:00:00]} Ne5 {[%emt 0:00:00]} 10. b3 {[%emt 0:00:01]} Nc6 {[%emt 0:00:01]} 11. Be3 {[%emt 0:00:00]} Nxd4 {[%emt 0:00:01]} 12. Bxd4 {[%emt 0:00:00]} a6 {[%emt 0:00:01]} 13. Rc1 {[%emt 0:00:00]} Bd7 {[%emt 0:00:04]} 14. Bxb7 {[%emt 0:00:02]} Bxh3 {[%emt 0:00:01]} 15. Re1 {[%emt 0:00:00]} Rb8 {[%emt 0:00:02]} 16. Bf3 {[%emt 0:00:01]} a5 {[%emt 0:00:02]} 17. Qd2 {[%emt 0:00:02]} Be6 {[%emt 0:00:01]} 18. Nd5 {[%emt 0:00:01]} Bxd5 {[%emt 0:00:02]} 19. cxd5 {[%emt 0:00:02]} Qd7 {[%emt 0:00:03]} 20. Bxf6 {[%emt 0:00:01]} Bxf6 {[%emt 0:00:01]} 21. Kg2 {[%emt 0:00:00]} a4 {[%emt 0:00:01]} 22. b4 {[%emt 0:00:02]} a3 {[%emt 0:00:00]} 23. Rh1 {[%emt 0:00:01]} Bg7 {[%emt 0:00:02]} 24. Rc4 {[%emt 0:00:01]} f5 {[%emt 0:00:06]} 25. Rch4 {[%emt 0:00:01]} h5 {[%emt 0:00:00]} 26. e4 {[%emt 0:00:02]} Rbc8 {[%emt 0:00:06]} 27. exf5 {[%emt 0:00:02]} Qxf5 {[%emt 0:00:01]} 28. Be4 {[%emt 0:00:01]} Qf6 {[%emt 0:00:02]} 29. Qd3 {[%emt 0:00:01]} Qxf2+ {[%emt 0:00:02]} 30. Kh3 {[%emt 0:00:00]} Rc3 {[%emt 0:00:01]} 31. Bxg6 {[%emt 0:00:06]} Rxd3 {[%emt 0:00:01]} 32. Bxd3 {[%emt 0:00:00]} Qf3 {[%emt 0:00:01]} 33. Be4 {[%emt 0:00:05]} Qe2 {[%emt 0:00:01]} 34. Bg2 {[%emt 0:00:02]} Rf2 {[%emt 0:00:02]} 35. Rg1 {[%emt 0:00:00]} Be5 {[%emt 0:00:02]} 36. Re4 {[%emt 0:00:01]} Qd3 {[%emt 0:00:02]} 37. Bh1 {[%emt 0:00:02]} Rf3 {[%emt 0:00:02]} 38. Bxf3 {[%emt 0:00:01]} Qxf3 {[%emt 0:00:00]} 39. Rh4 {[%emt 0:00:00]} Qf2 {[%emt 0:00:01]} 40. Rg2 {[%emt 0:00:01]} Qf1 {[%emt 0:00:00]} 41. g4 {[%emt 0:00:00]} Qf3+ {[%emt 0:00:01]} 42. Rg3 {[%emt 0:00:02]} Qxg3# {[%emt 0:00:00] (Lag: Av=0.50s, max=1.1s) (Lag: Av=0.50s, max=1.1s) (Lag: Av=0.50s, max=1.1s)} 0-1

[Event "398 Stay Safe Play From Home series"]
[Site "Emanuel Lasker Arena"]
[Date "2020.08.20"]
[Round "4"]
[White "Lamborghini"]
[Black "Stefansmtk"]
[Result "1-0"]
[WhiteElo "2301"]
[BlackElo "1968"]
[PlyCount "49"]
[EventDate "2020.08.20"]
[EventType "swiss (blitz)"]

1. e4 {[%emt 0:00:03]} e5 {[%emt 0:00:01]} 2. Nf3 {[%emt 0:00:03]} d5 {[%emt 0:00:01]} 3. exd5 {[%emt 0:00:01]} e4 {[%emt 0:00:01]} 4. Qe2 {[%emt 0:00:01]} Qe7 {[%emt 0:00:01]} 5. Nd4 {[%emt 0:00:01]} Nf6 {[%emt 0:00:01]} 6. Nc3 {[%emt 0:00:01]} Qe5 {[%emt 0:00:02]} 7. Ndb5 {[%emt 0:00:04]} a6 {[%emt 0:00:02]} 8. d4 {[%emt 0:00:01]} Qe7 {[%emt 0:00:01]} 9. Na3 {[%emt 0:00:03]} b5 {[%emt 0:00:01]} 10. Nab1 {[%emt 0:00:03]} Bb7 {[%emt 0:00:08]} 11. Bg5 {[%emt 0:00:01]} Nbd7 {[%emt 0:00:06]} 12. a3 {[%emt 0:00:02]} h6 {[%emt 0:00:03]} 13. Bh4 {[%emt 0:00:01]} g5 {[%emt 0:00:01]} 14. Bg3 {[%emt 0:00:01]} Bg7 {[%emt 0:00:02]} 15. Nd2 {[%emt 0:00:01]} O-O {[%emt 0:00:02]} 16. O-O-O {[%emt 0:00:01]} b4 {[%emt 0:00:02]} 17. axb4 {[%emt 0:00:01]} Qxb4 {[%emt 0:00:01]} 18. h4 {[%emt 0:00:03]} g4 {[%emt 0:00:01]} 19. Ndxe4 {[%emt 0:00:01]} Nxd5 {[%emt 0:00:04]} 20. Nxd5 {[%emt 0:00:02]} Bxd5 {[%emt 0:00:01]} 21. Nc3 {[%emt 0:00:01]} Bc6 {[%emt 0:00:09]} 22. Qxg4 {[%emt 0:00:01]} Rab8 {[%emt 0:00:05]} 23. Rd3 {[%emt 0:00:04]} Qxb2+ {[%emt 0:00:02]} 24. Kd2 {[%emt 0:00:01]} Kh7 {[%emt 0:00:04]} 25. Qf5+ {[%emt 0:00:01] Zeit Zeit Zeit (Lag: Av=0.40s, max=0.8s) (Lag: Av=0.40s, max=0.8s) (Lag: Av=0.40s, max=0.8s)} 1-0

[Event "398 Stay Safe Play From Home series"]
[Site "Emanuel Lasker Arena"]
[Date "2020.08.20"]
[Round "4"]
[White "Rogan"]
[Black "Buzaglo"]
[Result "1-0"]
[WhiteElo "2208"]
[BlackElo "1897"]
[PlyCount "59"]
[EventDate "2020.08.20"]
[EventType "swiss (blitz)"]

1. d4 {[%emt 0:00:01]} e6 {[%emt 0:00:00]} 2. c3 {[%emt 0:00:00]} d5 {[%emt 0:00:00]} 3. Nf3 {[%emt 0:00:03]} Nf6 {[%emt 0:00:00]} 4. Bg5 {[%emt 0:00:02]} Be7 {[%emt 0:00:00]} 5. e3 {[%emt 0:00:03]} O-O {[%emt 0:00:00]} 6. Bd3 {[%emt 0:00:01]} c5 {[%emt 0:00:00]} 7. Qc2 {[%emt 0:00:01]} h6 {[%emt 0:00:00]} 8. Bh4 {[%emt 0:00:01]} c4 {[%emt 0:00:02]} 9. Be2 {[%emt 0:00:02]} Nc6 {[%emt 0:00:02]} 10. Nbd2 {[%emt 0:00:01]} Bd6 {[%emt 0:00:00]} 11. O-O {[%emt 0:00:01]} e5 {[%emt 0:00:01]} 12. e4 {[%emt 0:00:02]} dxe4 {[%emt 0:00:02]} 13. Nxe4 {[%emt 0:00:01]} Be7 {[%emt 0:00:02]} 14. dxe5 {[%emt 0:00:02]} Nxe4 {[%emt 0:00:01]} 15. Bxe7 {[%emt 0:00:01]} Qxe7 {[%emt 0:00:04]} 16. Qxe4 {[%emt 0:00:00]} g6 {[%emt 0:00:03]} 17. Bxc4 {[%emt 0:00:01]} Bf5 {[%emt 0:00:01]} 18. Qf4 {[%emt 0:00:02]} a6 {[%emt 0:00:03]} 19. Qxh6 {[%emt 0:00:03]} b5 {[%emt 0:00:04]} 20. Ng5 {[%emt 0:00:01]} Qxg5 {[%emt 0:00:03]} 21. Qxg5 {[%emt 0:00:01]} Kg7 {[%emt 0:00:01]} 22. Qf6+ {[%emt 0:00:01]} Kg8 {[%emt 0:00:01]} 23. Bd5 {[%emt 0:00:04]} Na5 {[%emt 0:00:09]} 24. Bxa8 {[%emt 0:00:01]} Rxa8 {[%emt 0:00:00]} 25. Rfd1 {[%emt 0:00:02]} Nc4 {[%emt 0:00:01]} 26. Rd8+ {[%emt 0:00:01]} Rxd8 {[%emt 0:00:01]} 27. Qxd8+ {[%emt 0:00:00]} Kg7 {[%emt 0:00:00]} 28. Qf6+ {[%emt 0:00:00]} Kg8 {[%emt 0:00:01]} 29. Rd1 {[%emt 0:00:00]} Kh7 {[%emt 0:00:04]} 30. Rd8 {[%emt 0:00:01] Buzaglo resigns Buzaglo resigns Buzaglo resigns (Lag: Av=0.42s, max=0.7s) (Lag: Av=0.42s, max=0.7s) (Lag: Av=0.42s, max=0.7s)} 1-0

[Event "398 Stay Safe Play From Home series"]
[Site "Emanuel Lasker Arena"]
[Date "2020.08.20"]
[Round "4"]
[White "MihailoVujic"]
[Black "Mepe_Nika"]
[Result "1-0"]
[WhiteElo "2198"]
[BlackElo "2357"]
[PlyCount "39"]
[EventDate "2020.08.20"]
[EventType "swiss (blitz)"]

1. e4 {[%emt 0:00:01]} c6 {[%emt 0:00:00]} 2. d4 {[%emt 0:00:00]} d5 {[%emt 0:00:00]} 3. f3 {[%emt 0:00:00]} dxe4 {[%emt 0:00:01]} 4. fxe4 {[%emt 0:00:00]} e5 {[%emt 0:00:00]} 5. Nf3 {[%emt 0:00:00]} Bg4 {[%emt 0:00:00]} 6. Bc4 {[%emt 0:00:00]} Nd7 {[%emt 0:00:01]} 7. O-O {[%emt 0:00:00]} Bd6 {[%emt 0:00:03]} 8. Bxf7+ {[%emt 0:00:02]} Ke7 {[%emt 0:00:08]} 9. Bxg8 {[%emt 0:00:04]} Rxg8 {[%emt 0:00:02]} 10. Bg5+ {[%emt 0:00:01]} Nf6 {[%emt 0:00:01]} 11. dxe5 {[%emt 0:00:01]} Qb6+ {[%emt 0:00:08]} 12. Kh1 {[%emt 0:00:01]} Bxe5 {[%emt 0:00:00]} 13. Nbd2 {[%emt 0:00:05]} Rad8 {[%emt 0:00:01]} 14. Qe1 {[%emt 0:00:01]} Bb8 {[%emt 0:00:05]} 15. e5 {[%emt 0:00:02]} Kf7 {[%emt 0:00:02]} 16. exf6 {[%emt 0:00:01]} gxf6 {[%emt 0:00:00]} 17. Ne5+ {[%emt 0:00:05]} Kg7 {[%emt 0:00:10]} 18. Bxf6+ {[%emt 0:00:01]} Kh6 {[%emt 0:00:03]} 19. Qh4+ {[%emt 0:00:02]} Bh5 {[%emt 0:00:01]} 20. Qf4+ {[%emt 0:00:01] Mepe_Nika resigns Mepe_Nika resigns Mepe_Nika resigns (Lag: Av=0.59s, max=0.7s) (Lag: Av=0.59s, max=0.7s) (Lag: Av=0.59s, max=0.7s)} 1-0